Mata - Najpopularniejsze na Spotify - Statystyki

Ogólne statystyki
  • Ten quiz został rozwiązany 1 962 razy
  • Średni wynik to 7 z 10
Statystyki odpowiedzi
Lp. Utwór Liczba odtworzeń % Poprawnych
1. Mata - Kiss cam (podryw roku) 62 880 411
88%
4. Mata - Patoreakcja 43 092 387
85%
9. Mata - Patointeligencja 35 084 893
82%
2. Mata - Schodki 44 353 059
80%
3. Mata - Szafir 43 896 255
75%
8. Mata - 100 dni do matury 37 006 211
64%
7. Mata - Szmata 38 550 887
60%
5. Mata - Papuga ft. Quebonafide, Malik Montana 40 076 657
58%
6. Mata - GOMBAO 33 ft. Adam, Szczepan, Wyguś 39 222 873
49%
10 Mata - La La La (Oh Oh) ft. White 2115 30 137 567
32%
Nie znaleziono quizów pasujących do podanych kryteriów
Rozkład punktacji
Procent ludzi z każdym wynikiem
Percentyl według liczby udzielonych odpowiedzi
Twoja historia wyników
Nie rozwiązałeś tego quizu